• 首页
  • 本馆介绍
  • 公告通知
  • 最新文献
  • 馆藏检索
  • 电子资源
  • 读者导购
  • 参考咨询
  • 我的图书馆
  • 登录
  • 详细信息显示
  • 放入我的书架
  • 预约/预借图书
  • 作者相关作品
  • 分类相关作品
  • 丛书相关作品
  • 出版社相关作品

书目信息

  • 表格格式
  • 工作单格式
  • 卡片格式
题名:
保安文员物业制服
    
 
作者: 胡光华 著
分册:  
出版信息: 北京   化学工业出版社  2009
页数: 168页
开本: 26cm
丛书名:
单 册:
中图分类: TS941.732
科图分类:
主题词: 保安--工作人员--制服--中国--图集 , 文书工作--工作人员--制服--中国--图集 , 物业管理--工作人员--制服--中国--图集 , 保安 , 工作人员 , 制服 , 文书工作 , 物业管理
电子资源:
ISBN: 978-7-122-03775-6
000 00988nam0 2200325 45
001 1029984660
005 20100429095304.65
010    @a978-7-122-03775-6@b精装@dCNY108.00
100    @a20100420d2009 em y0chiy50 ea
101 0  @achi
102    @aCN@b110000
105    @aa z 000yy
106    @ar
200 1  @a保安文员物业制服@ABao An Wen Yuan Wu Ye Zhi Fu@f胡光华著@FHu Guang Hua Zhu
210    @a北京@c化学工业出版社@d2009
215    @a168页@c彩图@d26cm
300    @a时尚制服系列
330    @a本书为保安、文员、物业人员分别设计、收集了大量不同风格的新款时尚制服。
606 0  @a保安@x工作人员@x制服@y中国@j图集
606 0  @a文书工作@x工作人员@x制服@y中国@j图集
606 0  @a物业管理@x工作人员@x制服@y中国@j图集
606 0  @a保安
606 0  @a工作人员
606 0  @a制服
606 0  @a文书工作
606 0  @a物业管理
690    @aTS941.732@v4
701  0 @a胡光华@AHu Guang Hua@4著
801  0 @aCN@bTANGWEI@c20100429
905    @b0595296-300@dTS941.732@e62@f5
    
    保安文员物业制服/胡光华著.-北京:化学工业出版社,2009
    168页:彩图;26cm
    时尚制服系列
    
    ISBN 978-7-122-03775-6(精装):CNY108.00
    本书为保安、文员、物业人员分别设计、收集了大量不同风格的新款时尚制服。
●
相关链接 在E读中查询图书 在五车中查询图书 在当当中查询图书 在豆瓣中查询图书


正题名:保安文员物业制服     索取号:TS941.732/62         预约/预借

序号 登录号 条形码 馆藏地/架位号 状态 备注
1 0595296   205952968   第二样本阅览室/ [索取号:TS941.732/62] 在馆    
2 0595297   205952977   第三借阅区/ [索取号:TS941.732/62] 在馆    
3 0595298   205952986   第三借阅区/ [索取号:TS941.732/62] 在馆    
4 0595299   205952995   第三借阅区/ [索取号:TS941.732/62] 在馆    
5 0595300   205953002   第三借阅区/ [索取号:TS941.732/62] 在馆    
唐山师范学院图书馆 欢迎您!
大连网信软件有限公司© 版权所有